Organizational commitment in the public- and private sector

Bibliographic Details
Main Author: Félix Dalma
Other Authors: Szászvári Dr. Karina Ágnes
Format: Thesis
Kulcsszavak:Munkavállaló
Munkavállalói elkötelezettség
Közszféra
Versenyszféra
Szervezeti felépítés
Online Access:http://dolgozattar.uni-bge.hu/16329

MARC

LEADER 00000nta a2200000 i 4500
001 dolg16329
005 20200430035534.0
008 180514suuuu hu om 000 eng d
040 |a BGE Dolgozattár Repozitórium  |b hun 
041 |a en 
100 1 |a Félix Dalma 
245 1 0 |a Organizational commitment in the public- and private sector  |c Félix Dalma  |h [elektronikus dokumentum] 
246 1 1 |a Szervezeti elkötelezettség a köz- és a versenyszférában 
246 1 1 |a Organizational commitment in the public- and private sector 
695 |a Munkavállaló 
695 |a Munkavállalói elkötelezettség 
695 |a Közszféra 
695 |a Versenyszféra 
695 |a Szervezeti felépítés 
700 1 |a Szászvári Dr. Karina Ágnes  |e ths 
856 4 0 |u http://dolgozattar.uni-bge.hu/16329/1/Szakdolgozat_F%C3%A9lixDalma_final_version.pdf  |z Dokumentum-elérés